Značkou povyšujeme život na životní styl
Čo nás motivuje ku kúpe značkového výrobku. Značka oslovuje. Značka a životný štýl. Značka nepotrebuje masovú popularitu. Subjektívny postoj jednotlivca ku značke.
Guardado en:
| Autor principal: | |
|---|---|
| Formato: | Capítulo de libro |
| Lenguaje: | checo |
| Materias: | |
| Etiquetas: |
Sin Etiquetas, Sea el primero en etiquetar este registro!
|
MARC
| LEADER | 00000naa$a2200000$$$4500 | ||
|---|---|---|---|
| 001 | 0037615 | ||
| 005 | 20231018124941.3 | ||
| 041 | 0 | |a cze | |
| 044 | |a CZ | ||
| 245 | 1 | 0 | |a Značkou povyšujeme život na životní styl |c Ivan Bureš |
| 520 | |a Čo nás motivuje ku kúpe značkového výrobku. Značka oslovuje. Značka a životný štýl. Značka nepotrebuje masovú popularitu. Subjektívny postoj jednotlivca ku značke. | ||
| 610 | 2 | 0 | |a tovar |
| 610 | 2 | 0 | |a značky výrobkov |
| 610 | 2 | 0 | |a značky kvality |
| 610 | 2 | 0 | |a úroveň životná |
| 610 | 2 | 0 | |a štýl životný |
| 610 | 2 | 0 | |a psychológia |
| 100 | 1 | |a Bureš, Ivan | |